000
00203nam a22001097a 4500
040
_c
SK
082
_a
658
100
_a
NA
245
_a
Interpersonal skills
260
_a
SINGAPORE
_b
NA
_c
2002
942
_c
KB
999
_c
9581
_d
9581